000 00295nam a2200121Ia 4500
008 191201s2008 xx 000 0 und d
100 _aGupta, S.L.
245 0 _aClassical mechanics
260 _aN. delhi
_bPragati Prakashan Meerut
_c2008
300 _a390
650 _aApplied
942 _2ddc
_cBK
999 _c6630
_d6630